Boletín del XIII Congreso Internacional de Oleicultura / (Record no. 131659)

MARC details
000 -LEADER
campo de control de longitud fija 00589nam a2200169 4500
001 - NÚMERO DE CONTROL
campo de control 131659
003 - IDENTIFICADOR DE NÚMERO DE CONTROL
campo de control ES-MaACL
005 - FECHA Y HORA DE LA ÚLTIMA TRANSACCIÓN
campo de control 20230906194025.0
007 - CAMPO FIJO DE DESCRIPCIÓN FÍSICA--INFORMACIÓN GENERAL
campo de control de longitud fija t|
008 - DATOS DE LONGITUD FIJA--INFORMACIÓN GENERAL
campo de control de longitud fija 070214s1950 sp r ||||1| spa d
245 00 - MENCIÓN DEL TÍTULO
Título Boletín del XIII Congreso Internacional de Oleicultura /
Mención de responsabilidad, etc. director: Antonio Rodríguez Gimeno.
260 ## - PUBLICACIÓN, DISTRIBUCIÓN, ETC.
Lugar de publicación, distribución, etc. Madrid :
Nombre del editor, distribuidor, etc. [s. n.],
Fecha de publicación, distribución, etc. 1950 (
Fabricante Gráf. Nilo)
300 ## - DESCRIPCIÓN FÍSICA
Extensión 290, 64 p. :
Otras características físicas il. ;
Dimensiones 21 cm.
710 2# - ENTRADA AGREGADA--NOMBRE DE ENTIDAD CORPORATIVA
Nombre de entidad corporativa o nombre de jurisdicción como elemento de entrada Rodríguez Jimeno, Antonio.
9 (RLIN) 6457
711 2# - ENTRADA AGREGADA--NOMBRE DE REUNIÓN
Nombre de congreso/reunión o jurisdicción como elemento de entrada Congreso Internacional de Oleicultura (
Número del congreso/reunión o número de parte o sección 13º.
Fecha del congreso o de la firma del tratado 1950.
Sede del congreso/Lugar de la reunión Madrid-Sevilla)
9 (RLIN) 449
852 ## - LOCALIZACIÓN
Ubicación ES-MaACL
Número de control de estantería D-5377
Holdings
Estatus retirado Estado de pérdida Estado de daño No para préstamo Biblioteca de origen Biblioteca actual Ubicación en estantería Fecha de adquisición Fuente de adquisición Total de préstamos Signatura topográfica completa Código de barras Visto por última vez Precio de reemplazo Tipo de ítem Koha
        Biblioteca del Ateneo de Madrid Biblioteca del Ateneo de Madrid Sala Valle Inclán 17/01/2008     D-5377 901137061 23/02/2023 23/02/2023 Libro impreso